"Поищем в жизни роль свою…" Анатолий Шведерский (Запись № 13707127)

Подробности
000 -МАРКЕР
контрольное поле 02117nam0a2200373 4500
001 - ИДЕНТИФИКАТОР ЗАПИСИ
контрольное поле RU\NLR\BIBL_A\022785830
005 - ИДЕНТИФИКАТОР ВЕРСИИ
контрольное поле 20260517044149.0
010 ## - МЕЖДУНАРОДНЫЙ СТАНДАРТНЫЙ НОМЕР КНИГИ (ISBN)
Номер (ISBN) 978-5-88689-187-4
Тираж 500
035 ## - ДРУГИЕ СИСТЕМНЫЕ НОМЕРА
Идентификатор записи (NLR Aleph) 022785830
100 ## - ДАННЫЕ ОБЩЕЙ ОБРАБОТКИ
Данные общей обработки 20260415d2025 u y0rusy50 ca
101 0# - ЯЗЫК РЕСУРСА
Язык текста, звукозаписи и т.д. русский
102 ## - СТРАНА ПУБЛИКАЦИИ ИЛИ ПРОИЗВОДСТВА
Страна публикации Российская Федерация
105 ## - ПОЛЕ КОДИРОВАННЫХ ДАННЫХ: ТЕКСТОВЫЕ МАТЕРИАЛЫ, МОНОГРАФИЧЕСКИЕ
Кодированные данные о монографическом текстовом документе ac z 000yb
181 #0 - ПОЛЕ КОДИРОВАННЫХ ДАННЫХ: ВИД СОДЕРЖАНИЯ
Код вида содержания (ISBD) i3
Код характеристики содержания (ISBD) axxe
181 #0 - ПОЛЕ КОДИРОВАННЫХ ДАННЫХ: ВИД СОДЕРЖАНИЯ
Код вида содержания (ISBD) b2
Код характеристики содержания (ISBD) xb2e
182 #0 - ПОЛЕ КОДИРОВАННЫХ ДАННЫХ: ТИП СРЕДСТВА
Код типа средства (ISBD) n - непосредственное
200 1# - ЗАГЛАВИЕ И СВЕДЕНИЯ ОБ ОТВЕТСТВЕННОСТИ
Основное заглавие "Поищем в жизни роль свою…" Анатолий Шведерский
Сведения, относящиеся к заглавию размышления о профессии, письма, воспоминания учеников и коллег
-- [сборник материалов]
Первые сведения об ответственности Российский государственный институт сценических искусств
Последующие сведения об ответственности составители: В. М. Фильштинский [и др.]
203 ## - ВИД СОДЕРЖАНИЯ И ТИП СРЕДСТВА
Вид содержания Текст
-- Изображение
Дополнительные сведения об издании визуальные
Тип средства непосредственные
210 ## - ПУБЛИКАЦИЯ, РАСПРОСТРАНЕНИЕ И ДР.
Место издания, распространения и т.д. Санкт-Петербург
Имя издателя, распространителя и т. д. Изд-во Российского государственного института сценических искусств
Дата издания, распространения и т.д. 2025
215 ## - ФИЗИЧЕСКАЯ ХАРАКТЕРИСТИКА
Специфическое обозначение материала и объем 249, [1] с., [8] л. ил., цв. ил., портр.
Размеры 22
320 ## - ПРИМЕЧАНИЯ О НАЛИЧИИ В ДОКУМЕНТЕ БИБЛИОГРАФИИ / УКАЗАТЕЛЯ
Текст примечания Библиогр. в тексте примеч.: с. 225-250
600 #1 - ИМЯ ЛИЦА КАК ПРЕДМЕТ
Начальный элемент ввода Шведерский
Часть имени, кроме начального элемента ввода А. С.
Даты 1924 - 2008
Расширение инициалов личного имени Анатолий Самойлович
Формальный подзаголовок Документы и материалы
Системный номер авторитетной/нормативной записи 2708120
Идентификатор авторитетной/нормативной записи RU\NLR\AUTH\6601770223
686 1# - ИНДЕКСЫ ДРУГИХ КЛАССИФИКАЦИЙ
Индекс Щ334.3(2Р=Рус)7-86Шведерский
686 1# - ИНДЕКСЫ ДРУГИХ КЛАССИФИКАЦИЙ
Индекс Ч489.783.4(2Р-2СПб)7-8Шведерский
702 #1 - ИМЯ ЛИЦА - ВТОРИЧНАЯ ОТВЕТСТВЕННОСТЬ
Начальный элемент ввода Шведерский
Часть имени, кроме начального элемента ввода А. С.
Расширение инициалов личного имени Анатолий Самойлович
Код отношения Объект посвящения
702 #1 - ИМЯ ЛИЦА - ВТОРИЧНАЯ ОТВЕТСТВЕННОСТЬ
Начальный элемент ввода Фильштинский
Часть имени, кроме начального элемента ввода В. М.
Даты 1937-
Расширение инициалов личного имени Вениамин Михайлович
Код отношения Составитель
712 02 - НАИМЕНОВАНИЕ ОРГАНИЗАЦИИ - ВТОРИЧНАЯ ОТВЕТСТВЕННОСТЬ
Код отношения Издающая организация
Начальный элемент ввода Российский государственный институт сценических искусств
Идентифицирующий признак Санкт-Петербург
Системный номер авторитетной/нормативной записи 515991
Идентификатор авторитетной/нормативной записи RU\NLR\AUTH\880425719
942 ## - ДОПОЛНИТЕЛЬНЫЕ ЭЛЕМЕНТЫ ЗАПИСИ (АБИС)
Тип экземпляра АБИС Книга
980 ## - КОЛЛЕКЦИЯ
Название коллекции Национальная библиография

Нет доступных экземпляров.